[Event "HUN-chT2 Maroczy 1819"]
[Site "Hungary"]
[Date "2019.04.28"]
[Round "11.8"]
[White "Felmery, Mate"]
[Black "Bernei, Andras"]
[Result "1/2-1/2"]
[WhiteElo "2114"]
[BlackElo "2150"]
[PlyCount "76"]
[EventDate "2018.09.23"]
[EventType "team-tourn"]
[EventRounds "11"]
[EventCountry "HUN"]
[SourceTitle "EXT 2021"]
[Source "ChessBase"]
[SourceDate "2020.10.23"]
[SourceVersion "1"]
[SourceVersionDate "2020.10.23"]
[SourceQuality "1"]
[WhiteTeam "Budapest Vasas"]
[BlackTeam "Taban Spartacus"]
[WhiteTeamCountry "HUN"]
[BlackTeamCountry "HUN"]

1. e4 c6 2. d3 e5 3. Nf3 d6 4. g3 Nf6 5. Bg2 Be7 6. 0-0 0-0 7. c3 Re8 8. h3 Bf8 9. Qc2 Nbd7 10. Be3 b6 11. Nbd2 Bb7 12. a4 a5 13. Nb3 Qc7 14. Nh4 d5 15. Nf5 c5 16. c4 dxe4 17. dxe4 Red8 18. Bg5 h6 19. Bxf6 Nxf6 20. Ne3 Bc6 21. Nd5 Nxd5 22. exd5 Bd7 23. Nd2 f5 24. Nb1 Bd6 25. Nc3 e4 26. Qe2 Be5 27. Nb5 Bxb5 28. axb5 Bd4 29. Kh1 Qe5 30. Ra2 Rd6 31. Qh5 Rf8 32. b3 Kh7 33. Re2 Qf6 34. Ree1 Bc3 35. Rc1 Be5 36. Rce1 Bc3 37. Rc1 Be5 38. Rce1 Bc3 1/2-1/2

[Event "HUN-chT2 Maroczy 1819"]
[Site "Hungary"]
[Date "2018.12.02"]
[Round "5.8"]
[White "Piroska, Istvan"]
[Black "Bernei, Andras"]
[Result "1/2-1/2"]
[WhiteElo "2076"]
[BlackElo "2150"]
[PlyCount "28"]
[EventDate "2018.09.23"]
[EventType "team-tourn"]
[EventRounds "11"]
[EventCountry "HUN"]
[SourceTitle "EXT 2020"]
[Source "ChessBase"]
[SourceDate "2019.10.17"]
[SourceVersion "1"]
[SourceVersionDate "2019.10.17"]
[SourceQuality "1"]
[WhiteTeam "Penzugyor II"]
[BlackTeam "Taban Spartacus"]
[WhiteTeamCountry "HUN"]
[BlackTeamCountry "HUN"]

1. e4 c6 2. d4 d5 3. Nc3 dxe4 4. Nxe4 Bf5 5. Ng3 Bg6 6. Nf3 Nd7 7. Bd3 Qc7 8. 0-0 Ngf6 9. c4 e6 10. Bxg6 hxg6 11. Qe2 Bd6 12. Rd1 0-0 13. Ne4 Nxe4 14. Qxe4 Rfe8 1/2-1/2

[Event "HUN-chT2 Maroczy 1819"]
[Site "Hungary"]
[Date "2018.11.18"]
[Round "4.8"]
[White "Bernei, Andras"]
[Black "Kovacs, Istvan"]
[Result "1/2-1/2"]
[WhiteElo "2150"]
[BlackElo "2115"]
[PlyCount "48"]
[EventDate "2018.09.23"]
[EventType "team-tourn"]
[EventRounds "11"]
[EventCountry "HUN"]
[SourceTitle "EXT 2020"]
[Source "ChessBase"]
[SourceDate "2019.10.17"]
[SourceVersion "1"]
[SourceVersionDate "2019.10.17"]
[SourceQuality "1"]
[WhiteTeam "Taban Spartacus"]
[BlackTeam "Dunaharaszti II"]
[WhiteTeamCountry "HUN"]
[BlackTeamCountry "HUN"]

1. d4 Nf6 2. c4 e6 3. Nf3 b6 4. g3 Ba6 5. b3 Bb4+ 6. Bd2 Be7 7. Bg2 0-0 8. 0-0 c6 9. Bc3 d5 10. Nbd2 Nbd7 11. Re1 Rc8 12. e4 c5 13. exd5 exd5 14. Ne5 cxd4 15. Bxd4 Nxe5 16. Bxe5 dxc4 17. Nxc4 Bxc4 18. bxc4 Qxd1 19. Raxd1 Rxc4 20. Bxf6 Bxf6 21. Rd7 a5 22. Rxf7 Kxf7 23. Bd5+ Kg6 24. Bxc4 Bd4 1/2-1/2

[Event "HUN-chT2 Maroczy 1516"]
[Site "Hungary"]
[Date "2015.12.06"]
[Round "4.9"]
[White "Ondok, Laszlo"]
[Black "Bernei, Andras"]
[Result "1/2-1/2"]
[WhiteElo "2132"]
[BlackElo "2183"]
[PlyCount "32"]
[EventDate "2015.10.18"]
[EventType "team-tourn"]
[EventRounds "9"]
[EventCountry "HUN"]
[SourceTitle "CBM 170 Extra"]
[Source "ChessBase"]
[SourceDate "2016.02.25"]
[SourceVersion "1"]
[SourceVersionDate "2016.02.25"]
[SourceQuality "1"]
[WhiteTeam "Kisujszallas"]
[BlackTeam "Magyar Sakkvilag"]
[WhiteTeamCountry "HUN"]
[BlackTeamCountry "HUN"]

1. Nf3 Nf6 2. b3 e6 3. Bb2 c5 4. e3 Be7 5. d4 b6 6. Bd3 Bb7 7. Nbd2 0-0 8. 0-0 d6 9. c4 Nbd7 10. Re1 Qc7 11. Rc1 Rfe8 12. Qc2 h6 13. a3 Bf8 14. b4 Rac8 15. Qb1 Qb8 16. Ba1 Qa8 1/2-1/2

[Event "HUN-chT2 Maroczy 1516"]
[Site "Hungary"]
[Date "2015.11.29"]
[Round "3.9"]
[White "Bernei, Andras"]
[Black "Dobai, Szabolcs"]
[Result "1/2-1/2"]
[WhiteElo "2180"]
[BlackElo "2225"]
[PlyCount "90"]
[EventDate "2015.10.18"]
[EventType "team-tourn"]
[EventRounds "9"]
[EventCountry "HUN"]
[SourceTitle "CBM 170 Extra"]
[Source "ChessBase"]
[SourceDate "2016.02.25"]
[SourceVersion "1"]
[SourceVersionDate "2016.02.25"]
[SourceQuality "1"]
[WhiteTeam "Magyar Sakkvilag"]
[BlackTeam "DVTK EMSE"]
[WhiteTeamCountry "HUN"]
[BlackTeamCountry "HUN"]

1. Nf3 Nf6 2. c4 e6 3. g3 b6 4. Bg2 Bb7 5. 0-0 c5 6. Nc3 Be7 7. d4 cxd4 8. Qxd4 d6 9. Bg5 a6 10. Bxf6 Bxf6 11. Qd3 Be7 12. Rfd1 0-0 13. Ne4 Qc7 14. Neg5 g6 15. h4 Nd7 16. h5 Nc5 17. Qc2 h6 18. b4 hxg5 19. bxc5 bxc5 20. hxg6 f5 21. Qd2 Bxf3 22. Bxf3 Rab8 23. g4 Kg7 24. gxf5 exf5 25. Kg2 Kxg6 26. e4 Kg7 27. Rh1 Qd7 28. Rh5 Rh8 29. Rxg5+ Bxg5 30. Qxg5+ Kf8 31. Bh5 Qg7 32. Bg6 Qxa1 33. Qxf5+ Kg7 34. Qd7+ Kxg6 35. Qf5+ Kh6 36. Qh3+ Kg7 37. Qd7+ Kh6 38. Qxd6+ Kg5 39. Qg3+ Kf6 40. Qd6+ Kf7 41. Qd7+ Kf8 42. Qd6+ Ke8 43. Qe6+ Kf8 44. Qd6+ Kg8 45. Qe6+ Kh7 1/2-1/2

[Event "HUN-chT2 Maroczy 1415"]
[Site "Hungary"]
[Date "2014.11.30"]
[Round "3"]
[White "Kaman, Attila"]
[Black "Bernei, Andras"]
[Result "1/2-1/2"]
[WhiteElo "2124"]
[BlackElo "2209"]
[PlyCount "108"]
[EventDate "2014.10.12"]
[EventType "team-tourn"]
[EventRounds "9"]
[EventCountry "HUN"]
[SourceTitle "EXT 2016"]
[Source "ChessBase"]
[SourceDate "2015.10.08"]
[SourceVersion "1"]
[SourceVersionDate "2015.10.08"]
[SourceQuality "1"]
[WhiteTeam "Hajduboszormeny"]
[BlackTeam "Magyar Sakkvilag"]
[WhiteTeamCountry "HUN"]
[BlackTeamCountry "HUN"]

1. d4 Nf6 2. c4 e6 3. Nf3 b6 4. a3 c5 5. d5 Ba6 6. b3 exd5 7. cxd5 d6 8. g3 Be7 9. Bg2 0-0 10. 0-0 Nbd7 11. Bb2 Ng4 12. Nc3 Re8 13. Re1 Bf6 14. h3 Nh6 15. Qc2 g6 16. e4 Bg7 17. Bc1 f6 18. Bf1 Bxf1 19. Kxf1 Nf7 20. Kg2 a6 21. b4 b5 22. Be3 cxb4 23. axb4 Nfe5 24. Nd4 Nf8 25. f4 Nc4 26. Bf2 Qd7 27. Ra2 Qb7 28. Qd3 Rec8 29. Qf3 Nb6 30. Nc6 Nc4 31. h4 Re8 32. h5 Qf7 33. Rc1 f5 34. Bd4 fxe4 35. Nxe4 Bxd4 36. Nxd4 Nd7 37. Ne6 Qf5 38. hxg6 hxg6 39. Rh1 Qxd5 40. Nc7 Ne3+ 41. Qxe3 Qxa2+ 42. Kf3 Rf8 43. Qc3 Ne5+ 44. Ke3 Qg2 45. Rc1 Rac8 46. Kd4 d5 47. Nd6 Nc4 48. Qd3 Rf6 49. Nxc8 Qf2+ 50. Kxd5 Qg2+ 51. Kd4 Qf2+ 52. Kd5 Qg2+ 53. Kd4 Qf2+ 54. Kd5 Qg2+ 1/2-1/2

[Event "HUN-chT2 Maroczy 1213"]
[Site "Hungary"]
[Date "2013.04.07"]
[Round "10"]
[White "Kormos, Lajos"]
[Black "Bernei, Andras"]
[Result "0-1"]
[WhiteElo "2140"]
[BlackElo "2260"]
[PlyCount "64"]
[EventDate "2012.09.16"]
[EventType "team-tourn"]
[EventRounds "11"]
[EventCountry "HUN"]
[SourceTitle "EXT 2014"]
[Source "ChessBase"]
[SourceDate "2013.11.20"]
[SourceVersion "1"]
[SourceVersionDate "2013.11.20"]
[SourceQuality "1"]
[WhiteTeam "Kisujszallas"]
[BlackTeam "Sarkany"]
[WhiteTeamCountry "HUN"]
[BlackTeamCountry "HUN"]

1. d4 d5 2. Nf3 Nf6 3. c4 c6 4. Nc3 e6 5. e3 Nbd7 6. Bd3 dxc4 7. Bxc4 b5 8. Bd3 a6 9. 0-0 Bb7 10. e4 c5 11. d5 c4 12. Bc2 Qc7 13. dxe6 fxe6 14. Ng5 Nc5 15. Be3 h6 16. Nh3 Bd6 17. f4 0-0-0 18. Qe2 Ncxe4 19. Nxe4 Nxe4 20. Rfe1 Qc6 21. a4 Bc5 22. axb5 axb5 23. Kh1 Bxe3 24. Qxe3 Ng5 25. Rg1 Nxh3 26. Qxh3 Rd2 27. Rac1 Rhd8 28. Bd1 R8d3 29. Qg4 Rxg2 30. Rxg2 Rd2 31. Be2 Qxg2+ 32. Qxg2 Bxg2+ 0-1

[Event "HUN-chT2 Erkel 1112"]
[Site "Hungary"]
[Date "2012.05.06"]
[Round "10.4"]
[White "Kahn, Evarth"]
[Black "Bernei, Andras"]
[Result "1/2-1/2"]
[WhiteElo "2252"]
[BlackElo "2220"]
[PlyCount "57"]
[EventDate "2011.09.25"]
[EventType "team-tourn"]
[EventRounds "11"]
[EventCountry "HUN"]
[SourceTitle "EXT 2013"]
[Source "ChessBase"]
[SourceDate "2012.11.22"]
[SourceVersion "1"]
[SourceVersionDate "2012.11.22"]
[SourceQuality "1"]
[WhiteTeam "Szigetszentmiklos"]
[BlackTeam "Sarkany"]
[WhiteTeamCountry "HUN"]
[BlackTeamCountry "HUN"]

1. d4 Nf6 2. c4 e6 3. Nc3 d5 4. Bg5 Be7 5. e3 0-0 6. Nf3 Nbd7 7. Qc2 c5 8. cxd5 Nxd5 9. Bxe7 Qxe7 10. Nxd5 exd5 11. dxc5 Nxc5 12. Rc1 Ne4 13. Qb3 Bg4 14. Be2 Rad8 15. Rd1 Bxf3 16. Bxf3 d4 17. 0-0 Nc5 18. Qa3 dxe3 19. Qxe3 Qxe3 20. fxe3 Rxd1 21. Rxd1 a5 22. Bd5 g6 23. b3 Kg7 24. Rd4 Rd8 25. Kf2 f5 26. a3 Kf6 27. b4 axb4 28. axb4 Ke5 29. bxc5 1/2-1/2

[Event "HUN-chT2 Erkel 1112"]
[Site "Hungary"]
[Date "2012.04.22"]
[Round "9.4"]
[White "Bernei, Andras"]
[Black "Pallagi, Janos"]
[Result "1-0"]
[WhiteElo "2220"]
[BlackElo "2020"]
[PlyCount "63"]
[EventDate "2011.09.25"]
[EventType "team-tourn"]
[EventRounds "11"]
[EventCountry "HUN"]
[SourceTitle "EXT 2013"]
[Source "ChessBase"]
[SourceDate "2012.11.22"]
[SourceVersion "1"]
[SourceVersionDate "2012.11.22"]
[SourceQuality "1"]
[WhiteTeam "Sarkany"]
[BlackTeam "Honved II"]
[WhiteTeamCountry "HUN"]
[BlackTeamCountry "HUN"]

1. Nf3 d5 2. c4 e6 3. g3 c6 4. Qc2 Bd6 5. d4 f5 6. Bg2 Nf6 7. 0-0 0-0 8. b3 Nbd7 9. cxd5 cxd5 10. Ba3 Qe7 11. Qb2 b6 12. Rc1 Bb7 13. Bxd6 Qxd6 14. Nbd2 Ne4 15. e3 Nxd2 16. Qxd2 Rac8 17. h4 Rxc1+ 18. Rxc1 Rc8 19. Rxc8+ Bxc8 20. Qc3 Bb7 21. Bf1 Qc6 22. Qb4 a5 23. Qe7 h6 24. a4 Nf6 25. Ne5 Qc8 26. Kg2 Ne4 27. Bb5 Nf6 28. Bd7 Nxd7 29. Qxe6+ Kh7 30. Qxf5+ Kg8 31. Qe6+ Kh7 32. Qxd7 1-0

[Event "HUN-chT2 Erkel 1112"]
[Site "Hungary"]
[Date "2011.11.13"]
[Round "3.3"]
[White "Bernei, Andras"]
[Black "Koronghy, Gyula"]
[Result "1/2-1/2"]
[WhiteElo "2220"]
[BlackElo "2168"]
[PlyCount "40"]
[EventDate "2011.09.25"]
[EventType "team-tourn"]
[EventRounds "11"]
[EventCountry "HUN"]
[SourceTitle "EXT 2013"]
[Source "ChessBase"]
[SourceDate "2012.11.22"]
[SourceVersion "1"]
[SourceVersionDate "2012.11.22"]
[SourceQuality "1"]
[WhiteTeam "Sarkany"]
[BlackTeam "Foti"]
[WhiteTeamCountry "HUN"]
[BlackTeamCountry "HUN"]

1. Nf3 d5 2. c4 e6 3. g3 f5 4. Bg2 Nf6 5. 0-0 Be7 6. d4 c6 7. b3 0-0 8. Ba3 Bxa3 9. Nxa3 Qe7 10. Nc2 Nbd7 11. Nce1 b6 12. Nd3 Bb7 13. Rc1 Rac8 14. Nfe5 Rfd8 15. e3 Nxe5 16. dxe5 Nd7 17. Qc2 Nc5 18. Nxc5 Qxc5 19. cxd5 Qxc2 20. Rxc2 cxd5 1/2-1/2

[Event "HUN-chT 1011"]
[Site "Hungary"]
[Date "2011.03.27"]
[Round "7"]
[White "Bernei, Andras"]
[Black "Karolyi, Tibor Jr"]
[Result "1/2-1/2"]
[WhiteElo "2234"]
[BlackElo "2337"]
[PlyCount "30"]
[EventDate "2010.10.10"]
[EventType "team-tourn"]
[EventRounds "11"]
[EventCountry "HUN"]
[SourceTitle "EXT 2012"]
[Source "ChessBase"]
[SourceDate "2011.11.24"]
[SourceVersion "1"]
[SourceVersionDate "2011.11.24"]
[SourceQuality "1"]
[WhiteTeam "Vasas"]
[BlackTeam "MLTC"]
[WhiteTeamCountry "HUN"]
[BlackTeamCountry "HUN"]

1. Nf3 d5 2. c4 dxc4 3. e3 c5 4. Bxc4 e6 5. d4 Nf6 6. 0-0 Nc6 7. Nc3 a6 8. a4 Be7 9. Qe2 cxd4 10. Rd1 0-0 11. exd4 Nd5 12. Qe4 Nf6 13. Qe2 Nd5 14. Qe4 Nf6 15. Qe2 Nd5 1/2-1/2

[Event "HUN-chT 1011"]
[Site "Hungary"]
[Date "2011.02.20"]
[Round "6"]
[White "Csiszar, Csaba"]
[Black "Bernei, Andras"]
[Result "1/2-1/2"]
[WhiteElo "2387"]
[BlackElo "2234"]
[PlyCount "64"]
[EventDate "2010.10.10"]
[EventType "team-tourn"]
[EventRounds "11"]
[EventCountry "HUN"]
[SourceTitle "EXT 2012"]
[Source "ChessBase"]
[SourceDate "2011.11.24"]
[SourceVersion "1"]
[SourceVersionDate "2011.11.24"]
[SourceQuality "1"]
[WhiteTeam "Csuti"]
[BlackTeam "Vasas"]
[WhiteTeamCountry "HUN"]
[BlackTeamCountry "HUN"]

1. d4 d5 2. Nf3 Nf6 3. c4 c6 4. Nc3 a6 5. c5 g6 6. b4 Bg7 7. Bb2 0-0 8. h3 a5 9. a3 b6 10. e3 Ba6 11. Bxa6 Nxa6 12. Ne5 axb4 13. Nxc6 Qc7 14. axb4 Qxc6 15. b5 Qc8 16. bxa6 Rxa6 17. cxb6 Rxb6 18. Na4 Rc6 19. Ba3 Re8 20. 0-0 Ne4 21. Qd3 Qa6 22. Qxa6 Rxa6 23. Nc5 Nxc5 24. Bxc5 Rxa1 25. Rxa1 h5 26. g4 hxg4 27. hxg4 g5 28. Kg2 Bf6 29. Ra7 Kg7 30. Kf3 e6 31. Bd6 Rc8 32. Be7 Bxe7 1/2-1/2

[Event "HUN-chT 1011"]
[Site "Hungary"]
[Date "2010.10.10"]
[Round "1"]
[White "Kiss, Attila"]
[Black "Bernei, Andras"]
[Result "1/2-1/2"]
[WhiteElo "2356"]
[BlackElo "2234"]
[PlyCount "62"]
[EventDate "2010.10.10"]
[EventType "team-tourn"]
[EventRounds "11"]
[EventCountry "HUN"]
[SourceTitle "EXT 2012"]
[Source "ChessBase"]
[SourceDate "2011.11.24"]
[SourceVersion "1"]
[SourceVersionDate "2011.11.24"]
[SourceQuality "1"]
[WhiteTeam "Haladas"]
[BlackTeam "Vasas"]
[WhiteTeamCountry "HUN"]
[BlackTeamCountry "HUN"]

1. e4 e5 2. Nf3 Nc6 3. Bb5 a6 4. Ba4 Nf6 5. 0-0 Be7 6. Re1 b5 7. Bb3 d6 8. c3 0-0 9. d4 Bg4 10. Be3 exd4 11. cxd4 Na5 12. Bc2 Nc4 13. Bc1 c5 14. b3 Nb6 15. Nbd2 Nfd7 16. h3 Bh5 17. Bb2 Rc8 18. a4 bxa4 19. bxa4 cxd4 20. a5 Nc4 21. Nxc4 Bxf3 22. Qxf3 Rxc4 23. Qb3 Rc5 24. Bxd4 Bf6 25. Bxc5 Nxc5 26. Qc4 Bxa1 27. Rxa1 Qc7 28. Ra3 g6 29. Bb1 Qb7 30. Bc2 Qb2 31. Ra2 Qc1+ 1/2-1/2

[Event "HUN-chT2 Maroczy 0910"]
[Site "Hungary"]
[Date "2010.02.28"]
[Round "7"]
[White "Lorincz, Istvan"]
[Black "Bernei, Andras"]
[Result "1-0"]
[WhiteElo "2265"]
[BlackElo "2242"]
[PlyCount "59"]
[EventDate "2009.11.08"]
[EventType "team-tourn"]
[EventRounds "11"]
[EventCountry "HUN"]
[SourceTitle "EXT 2011"]
[Source "ChessBase"]
[SourceDate "2010.11.26"]
[SourceVersion "1"]
[SourceVersionDate "2010.11.26"]
[SourceQuality "1"]
[WhiteTeam "MLTC II"]
[BlackTeam "Vasas"]
[WhiteTeamCountry "HUN"]
[BlackTeamCountry "HUN"]

1. d4 Nf6 2. Nf3 c5 3. e3 d5 4. c4 e6 5. cxd5 exd5 6. Bb5+ Nc6 7. 0-0 Bd7 8. b3 cxd4 9. Nxd4 Bd6 10. Bb2 0-0 11. Bxc6 bxc6 12. Nd2 Re8 13. Rc1 Rc8 14. Qc2 Ne4 15. Nxe4 Rxe4 16. Ne2 Rg4 17. Rfd1 Rg6 18. Nf4 Bxf4 19. exf4 Bg4 20. Re1 Qd7 21. Re3 h5 22. Rce1 d4 23. Re7 Qd5 24. R1e5 Qxg2+ 25. Kxg2 Bf5+ 26. Kf3 Bxc2 27. Bxd4 a6 28. Ke3 Rg1 29. Kd2 Rd8 30. Re8+ 1-0

[Event "HUN-chT2 Maroczy 0910"]
[Site "Hungary"]
[Date "2009.12.20"]
[Round "4"]
[White "Bernei, Andras"]
[Black "Toth, Sarolta"]
[Result "1/2-1/2"]
[WhiteElo "2242"]
[BlackElo "2205"]
[PlyCount "81"]
[EventDate "2009.11.08"]
[EventType "team-tourn"]
[EventRounds "11"]
[EventCountry "HUN"]
[SourceTitle "EXT 2011"]
[Source "ChessBase"]
[SourceDate "2010.11.26"]
[SourceVersion "1"]
[SourceVersionDate "2010.11.26"]
[SourceQuality "1"]
[WhiteTeam "Vasas"]
[BlackTeam "Oroshaza"]
[WhiteTeamCountry "HUN"]
[BlackTeamCountry "HUN"]

1. c4 e5 2. Nc3 Nf6 3. e3 Bb4 4. Nge2 0-0 5. a3 Be7 6. d4 exd4 7. Nxd4 d5 8. cxd5 Nxd5 9. Bd3 Nxc3 10. bxc3 c5 11. Ne2 Nc6 12. Qc2 h6 13. 0-0 b6 14. Rd1 Qc7 15. Nf4 Bd6 16. h3 Bxf4 17. exf4 Bb7 18. Be3 Ne7 19. c4 Rad8 20. Bh7+ Kh8 21. Be4 Bxe4 22. Qxe4 Rfe8 23. Rxd8 Rxd8 24. f5 Qd6 25. g4 Nc6 26. Rc1 Nd4 27. Kf1 Kg8 28. Rd1 Qh2 29. Qg2 Qe5 30. Rd2 Re8 31. Kg1 Nb3 32. Rd7 Na5 33. Qd5 Qxd5 34. cxd5 a6 35. Ra7 Rd8 36. Rxa6 Nc4 37. Ra4 b5 38. Ra7 Rxd5 39. Rc7 Nxa3 40. Rc8+ Kh7 41. Rxc5 1/2-1/2

[Event "HUN-chT2 Maroczy 0809"]
[Site "Hungary"]
[Date "2009.02.08"]
[Round "7"]
[White "Bernei, Andras"]
[Black "Bali, Janos"]
[Result "1/2-1/2"]
[WhiteElo "2247"]
[BlackElo "2265"]
[PlyCount "62"]
[EventDate "2008.10.26"]
[EventType "team-tourn"]
[EventRounds "11"]
[EventCountry "HUN"]
[SourceTitle "EXT 2010"]
[Source "ChessBase"]
[SourceDate "2010.11.25"]
[SourceVersion "1"]
[SourceVersionDate "2010.11.25"]
[SourceQuality "1"]
[WhiteTeam "Vasas"]
[BlackTeam "Fuzesabony"]
[WhiteTeamCountry "HUN"]
[BlackTeamCountry "HUN"]

1. Nf3 f5 2. g3 b6 3. Bg2 Bb7 4. 0-0 Nf6 5. c4 e6 6. Nc3 Be7 7. d4 Ne4 8. Bd2 d6 9. d5 Nxc3 10. Bxc3 e5 11. e4 fxe4 12. Nd2 0-0 13. Nxe4 Nd7 14. f4 exf4 15. gxf4 Bf6 16. Nxf6+ Nxf6 17. Qd4 Bc8 18. f5 Rf7 19. Rae1 Qf8 20. Qh4 Bd7 21. Re3 Re8 22. Rh3 Ree7 23. Rf4 Kh8 24. Qg5 Qg8 25. Rfh4 Rf8 26. Rg3 Ref7 27. Rgh3 Ne8 28. Qg6 Bxf5 29. Rxh7+ Qxh7 30. Rxh7+ Kg8 31. Qxf7+ Kxf7 1/2-1/2

[Event "HUN-chT 0708"]
[Site "Hungary"]
[Date "2008.03.16"]
[Round "8"]
[White "Bernei, Andras"]
[Black "Grecescu, Gabriel Andrei"]
[Result "1/2-1/2"]
[WhiteElo "2274"]
[BlackElo "2396"]
[PlyCount "40"]
[EventDate "2007.10.14"]
[EventType "team"]
[EventRounds "11"]
[EventCountry "HUN"]
[SourceTitle "EXT 2009"]
[Source "ChessBase"]
[SourceDate "2008.11.26"]
[SourceVersion "1"]
[SourceVersionDate "2008.11.26"]
[SourceQuality "1"]
[WhiteTeam "Vasas"]
[BlackTeam "Kazincbarcika"]
[WhiteTeamCountry "HUN"]
[BlackTeamCountry "HUN"]

1. Nf3 Nf6 2. c4 e6 3. g3 a6 4. Bg2 b5 5. b3 Bb7 6. 0-0 Be7 7. Bb2 0-0 8. d3 c5 9. Nbd2 Nc6 10. Rc1 Qb6 11. Qc2 d6 12. Qb1 Rad8 13. Qa1 e5 14. e3 Rfe8 15. d4 cxd4 16. exd4 Nb4 17. Qb1 e4 18. Ne1 d5 19. a3 Nc6 20. Nc2 dxc4 1/2-1/2

[Event "HUN-chT 0708"]
[Site "Hungary"]
[Date "2007.11.11"]
[Round "2"]
[White "Almasi, Istvan"]
[Black "Bernei, Andras"]
[Result "0-1"]
[WhiteElo "2414"]
[BlackElo "2274"]
[PlyCount "74"]
[EventDate "2007.10.14"]
[EventType "team"]
[EventRounds "11"]
[EventCountry "HUN"]
[SourceTitle "EXT 2009"]
[Source "ChessBase"]
[SourceDate "2008.11.26"]
[SourceVersion "1"]
[SourceVersionDate "2008.11.26"]
[SourceQuality "1"]
[WhiteTeam "Honved"]
[BlackTeam "Vasas"]
[WhiteTeamCountry "HUN"]
[BlackTeamCountry "HUN"]

1. d4 d5 2. Nf3 e6 3. c4 c6 4. e3 Nf6 5. Bd3 Nbd7 6. 0-0 Bd6 7. Nbd2 0-0 8. e4 dxe4 9. Nxe4 Nxe4 10. Bxe4 h6 11. Bc2 e5 12. Qd3 f5 13. c5 Bc7 14. Qb3+ Kh7 15. g4 Nf6 16. dxe5 Nxg4 17. Re1 Qe8 18. Bf4 Be6 19. Qxb7 Ba5 20. Red1 Rb8 21. Qa6 Rxb2 22. Nd4 Bc3 23. Nxe6 Qxe6 24. Rd6 Qe8 25. Qd3 Rxc2 26. Rf1 Bxe5 27. Qxc2 Bxf4 28. Rd3 Bxh2+ 29. Kg2 Qe4+ 30. Kh3 Ne5 31. Rc3 Qxc2 32. Rxc2 Bf4 33. Rb1 Rf6 34. Rb4 Nd3 35. Ra4 Bb8 36. Ra5 Rg6 37. Rd2 Nxf2+ 0-1

[Event "HUN-chT 0607"]
[Site "Hungary"]
[Date "2007.05.20"]
[Round "11"]
[White "Lenic, Luka"]
[Black "Bernei, Andras"]
[Result "1-0"]
[WhiteElo "2502"]
[BlackElo "2279"]
[PlyCount "85"]
[EventDate "2006.11.12"]
[EventType "team"]
[EventRounds "11"]
[EventCountry "HUN"]
[SourceTitle "EXT 2008"]
[Source "ChessBase"]
[SourceDate "2007.11.25"]
[SourceVersion "1"]
[SourceVersionDate "2007.11.25"]
[SourceQuality "1"]
[WhiteTeam "Nagykanizsa"]
[BlackTeam "Vasas"]
[WhiteTeamCountry "HUN"]
[BlackTeamCountry "HUN"]

1. d4 d5 2. c4 c6 3. Nf3 e6 4. Qc2 dxc4 5. Qxc4 Nf6 6. g3 b5 7. Qc2 Bb7 8. Bg2 Nbd7 9. Nc3 Rc8 10. 0-0 c5 11. Nxb5 Qb6 12. Na3 cxd4 13. Qa4 Bxf3 14. Bxf3 Bc5 15. Nc4 Qb4 16. Qa6 0-0 17. Bd2 Qb8 18. Bb7 Rc7 19. Bg2 Bb4 20. Bf4 e5 21. Bxe5 Nxe5 22. Nxe5 Rc2 23. Qa4 Rxb2 24. Nd3 Bc3 25. Nxb2 Qxb2 26. Bf3 a5 27. Rab1 Qd2 28. Rfd1 Qg5 29. Rb7 Qf5 30. Qb5 Qe6 31. Rb8 g6 32. Rxf8+ Kxf8 33. a4 Kg7 34. Kg2 Nd7 35. Qd5 Qe7 36. e3 Nc5 37. Qc4 Ne6 38. exd4 Bb4 39. h4 h6 40. d5 Nc5 41. d6 Qf6 42. d7 Ne6 43. Qd5 1-0